000 00387nam a2200145Ia 4500
008 210210b1984 xxu||||| |||| 00| 0 eng d
082 _a519.8 SHAE
100 _aSHARMA (G S) & SARNA (I J S).
245 _aEngineering mathematics.
250 _a
260 _aDelhi
_bC B S publishers & distributors
_c1984
300 _avi,25.60
690 _aMathematical Statistics
906 _a037202
999 _c87358
_d87358